Management Accounting (Record no. 2557)
[ view plain ]
| 000 -LEADER | |
|---|---|
| fixed length control field | 01588phm a2200181 a 4500 |
| 020 ## - INTERNATIONAL STANDARD BOOK NUMBER | |
| ISBN | 9780077122317 |
| 050 ## - CALL NUMBER | |
| Classification number | HF 5635 |
| 100 ## - AUTHOR | |
| Personal name | Willie Seal |
| 110 ## - AUTHOR | |
| CORPORATE AUTHOR | / Ray H. Garrison, Eric W. Noreen |
| 245 ## - TITLE | |
| Title | Management Accounting |
| 250 ## - EDITION | |
| Edition statement | 2nd ed. |
| 260 ## - PUBLICATION INFORMATION | |
| Place of publication | United Kingdom |
| Name of publisher | McGrill Hill Education |
| Year of publication | 2006 |
| 300 ## - DESCRIPTION | |
| Number of Pages | Previous ed. / Ray H. Garrison, Eric W. Noreen, Willie Seal, 2003. |
| 300 ## - DESCRIPTION | |
| Number of Pages | Formerly CIP. |
| 505 ## - FORMATTED CONTENTS NOTE | |
| Table of Content | management accounting and the business environment<br/>cost terms, concepts and classifications<br/>systems design: job order costing<br/>systems design: process costing<br/>cost behaviour: analysis and use<br/>profit reporting under variable costing and absorption costing<br/>cost volume profit relationship<br/>Activity based costing<br/>Relevant costs for decision making<br/>Capital investment decisions<br/>Managerial decision making under risk and uncertainty<br/>profit planning and the role of budgeting<br/>standard costs and variance analysis<br/>flexible budgets and overhead analysis<br/>segment reporting and decentralisation<br/>pricing, target costing and intra-company transfers<br/>Strategic management accounting and the balanced scorecard<br/>perfromance management, management control and corporate governance<br/>stock management: EOQ, JIT, ERP and e-commerce<br/>Quality and business processes: measurement and management<br/>Cost management and the impact of constraints: supply chain mangement, corporate unbunding and shared service centres<br/>Management accounting change in its organisational and institutional context: a case study perspective |
| 700 ## - OTHER AUTHORS | |
| Personal name | Seal |
| 942 ## - ADDED ENTRY ELEMENTS (KOHA) | |
| Koha item type | Books |
| Withdrawn status | Lost status | Home library | Current library | Shelving location | Date acquired | Full call number | Accession Number | Koha item type | Collection code |
|---|---|---|---|---|---|---|---|---|---|
| Methodist University Library Main | Methodist University Library Main | General Stacks | 01/03/2010 | HF 5635 | 30750 | Books | |||
| Methodist University Library Main | Methodist University Library Main | General Stacks | 01/03/2010 | HF 5635 | 29354 | Books | Reference | ||
| Methodist University Library Main | Methodist University Library Main | General Stacks | 01/03/2010 | HF 5635 | 30762 | Books | Reference | ||
| Methodist University Library Main | Methodist University Library Main | General Stacks | 01/03/2010 | HF 5635 | 30558 | Books |